000 00319 a2200157 4500
001 190586
020 _a978-1-4240-4638-6
040 _cMagnum
100 _aLeather, Sue
240 1 0 _aRunning free
_lING
245 1 0 _aRunning free
300 _a46
362 0 _a2011
697 _aLITERATURA INGLESA
942 _cBK
999 _c190586
_d190586